<?xml version="1.0" encoding="UTF-8"?>
<collection xmlns="http://www.loc.gov/MARC21/slim">
 <record>
  <leader>01503nam a2200217Ia 4500</leader>
  <controlfield tag="001">CTU_137885</controlfield>
  <controlfield tag="008">210402s9999    xx            000 0 und d</controlfield>
  <datafield tag="020" ind1=" " ind2=" ">
   <subfield code="c">24.95</subfield>
  </datafield>
  <datafield tag="082" ind1=" " ind2=" ">
   <subfield code="a">650.13</subfield>
  </datafield>
  <datafield tag="082" ind1=" " ind2=" ">
   <subfield code="b">R628</subfield>
  </datafield>
  <datafield tag="100" ind1=" " ind2=" ">
   <subfield code="a">RoAne, Susan</subfield>
  </datafield>
  <datafield tag="245" ind1=" " ind2="0">
   <subfield code="a">How to create your own luck :</subfield>
  </datafield>
  <datafield tag="245" ind1=" " ind2="4">
   <subfield code="b">The &quot;you never know&quot; approach to networking, taking chances, and opening yourself to opportunity</subfield>
  </datafield>
  <datafield tag="245" ind1=" " ind2="0">
   <subfield code="c">Susan RoAne</subfield>
  </datafield>
  <datafield tag="260" ind1=" " ind2=" ">
   <subfield code="a">Hoboken, N.J.</subfield>
  </datafield>
  <datafield tag="260" ind1=" " ind2=" ">
   <subfield code="b">John Wiley &amp; Sons</subfield>
  </datafield>
  <datafield tag="260" ind1=" " ind2=" ">
   <subfield code="c">2004</subfield>
  </datafield>
  <datafield tag="520" ind1=" " ind2=" ">
   <subfield code="a">The book includes making small talk; dropping names; eavesdropping and listening; straying from their chosen paths; and saying yes when they want to say no. Each chapter shares numerous stories of people turning serendipity (such as chance encounters) into success by utilizing at least one of these traits. &quot;When we are open and pay attention to signs, signals, situations, and people, we are building our own internal serendipity generators,&quot; RoAne writes. However, aside from the inspiring examples, there's not enough specific &quot;how-to&quot; to help readers apply RoAne's advice to their own situations. While she puts a nice spin on basic networking principles, this somewhat repetitive book doesn't add much to the Chinese tenet &quot;luck is when preparation meets opportunity.</subfield>
  </datafield>
  <datafield tag="650" ind1=" " ind2=" ">
   <subfield code="a">Success in business,Social networks,Serendipity,Thành công trong kinh doanh,Mạng lưới xã hội,Cầu may</subfield>
  </datafield>
  <datafield tag="904" ind1=" " ind2=" ">
   <subfield code="i">Giang</subfield>
  </datafield>
  <datafield tag="980" ind1=" " ind2=" ">
   <subfield code="a">Trung tâm Học liệu Trường Đại học Cần Thơ</subfield>
  </datafield>
 </record>
</collection>
